01256nam a22003137a 4500003000900000005001700009007000300026008003900029020001500068040003000083082003200113100003400145245011700179264007000296300002700366336002700393337003500420338003000455590002600485650006300511650003600574650000600610651006700616740005600683910004100739942001200780952013300792999001700925DO-SdBPM20250722143417.0ta180205b2002 ck | 00| 0 spa d a9588173159 aDO-SdBPMbspacBPMSUerda 4a920.086141 bS586i 20022221 aSilva, Renánd1951-eautor 14aLos ilustrados de Nueva Granada, 1760-1808 :bgeneaología de una comunidad de interpretación/cRenán Silva aMedellín, Colombia :bFondo Editorial Universidad Eafit, c2002 a674 páginas ;c24 cm atextobtxt2rdaconten  asin mediación bn2rdamedia  avolumen bnc2rdacarrier  aInventariado, 2025/VM 7aIntelectualesxHistoriazBogotá (colombia) y1760-1808.  7aCultura zBogotá (Colombia).  7a  4aBogotá (Colombia) xVida intelectual xHistoria y1760-1808.02aGenealogía de una comunidad de interpretación.  aVMateo V. Control de calidad. BPMSU  2ddccBK 00102ddc708CGaBPMETbBPMETd2018-02-05eDonadol0oBPMSU CG 920.086141 S586i 2002pBPMSU18020051r2018-02-05w2018-02-05yBK c13260d13260